[Event "SVK-chT4 A21 2223"]
[Site "Slovakia"]
[Date "2022.11.27"]
[Round "4.5"]
[White "Tomasovic, Roman"]
[Black "Bednar, Michal"]
[Result "1-0"]
[WhiteElo "1563"]
[BlackElo "1000"]
[PlyCount "29"]
[EventDate "2022.10.09"]
[EventType "team-tourn"]
[EventRounds "11"]
[EventCountry "SVK"]
[SourceTitle "EXT 2024"]
[Source "ChessBase"]
[SourceDate "2023.10.10"]
[SourceVersion "1"]
[SourceVersionDate "2023.10.10"]
[SourceQuality "1"]
[WhiteTeam "Stefanov"]
[BlackTeam "Brezova pod Bradlom"]
[WhiteTeamCountry "SVK"]
[BlackTeamCountry "SVK"]

1. d4 g6 2. e4 Bg7 3. Nf3 b6 4. Nc3 Bb7 5. Bd3 e6 6. Be3 Ne7 7. Qd2 0-0 8. h4 h6 9. Bxh6 f5 10. h5 fxe4 11. Nxe4 d5 12. Ng3 gxh5 13. Bxg7 Kxg7 14. Qg5+ Ng6 15. Qxg6+ 1-0